|
|
|
|
| LEADER |
00709cam a2200217 7i4500 |
| 001 |
0000008996 |
| 005 |
20190430090000.0 |
| 020 |
|
|
|a 9780070583771 (pbk.)
|
| 020 |
|
|
|a 0070583773 (pbk.)
|
| 090 |
0 |
0 |
|a TK2181
|b .K68 2004
|
| 100 |
1 |
|
|a Kothari, D P
|
| 245 |
1 |
0 |
|a Electric machines
|c D P Kothari, I J Nagrath.
|
| 250 |
|
|
|a 3rd ed.
|
| 260 |
|
|
|a New Delhi:
|b Tata McGraw-Hill Pub. Co. Ltd.,
|c 2004.
|
| 300 |
|
|
|a xvii, 834 p.:
|b ill.;
|c 24 cm.
|
| 490 |
0 |
|
|a Electrical engineering series
|
| 504 |
|
|
|a Includes index
|
| 650 |
0 |
0 |
|a Electric machinery
|
| 700 |
1 |
|
|a Nagrath, I J
|
| 997 |
|
|
|a Engineering & Life Sciences, Faculty
|b Engineering, Department
|
| 999 |
|
|
|a 0000012321
|b BOK
|c OPEN SHELF
|e 2nd Floor, Bestari Jaya
|